Countries with the most roller coasters - Statistics

General Stats
  • This quiz has been taken 78 times
  • The average score is 18 of 24
Answer Stats
Coasters Country % Correct
1 790 China
99%
894 United States
99%
277 Germany
97%
218 France
96%
206 Japan
96%
190 Russia
94%
208 United Kingdom
94%
54 Mexico
92%
54 Spain
92%
130 Italy
90%
65 Canada
89%
86 Brazil
85%
72 Poland
85%
114 India
81%
58 Netherlands
71%
52 South Korea
71%
137 Turkey
64%
100 Saudi Arabia
61%
57 United Arab Emirates
61%
83 Indonesia
57%
67 Austria
56%
60 Iran
43%
81 Vietnam
39%
50 Iraq
32%
No matching quizzes found
Score Distribution
Percent of People with Each Score
Percentile by Number Answered
Your Score History
You have not taken this quiz